Quizzes
Events
Quiz Creation
Community
Videos
Private Events
Remove Ads
Sign In
Join for FREE
Feedback
Dark Mode
Quiz Categories
Sports
Geography
Music
Movies
Television
Just For Fun
Miscellaneous
History
Literature
Language
Science
Gaming
Entertainment
Religion
Holiday
For Kids
Quiz Lab
Recent
Popular Today
Quiz Kudos Today
Editor Picks
Curator Picks
Quizzes by...
Day
Popularity
Type
Ratings
Length
Year
Community
Subscriptions
Recent Discussions
Orange Saloon
Badges
Playlists
Quests
Create
Leaderboards
Showdown
Live 5
Trivia Bingo
Activity
Puzzle Library
Sporcle Events
Private Events
Virtual Trivia
Globe League
Become a Host
Pub Owners
SporcleCon
Opinionation
Our Games
Videos
Blog
Mobile Apps
Partnerships
Remove Ads and Go Orange
Feedback
Music
Pop Music
The Beatles
Song
Album
Lyrics
Bands
Singers
Artist
Clip
Rock
Rap
Classical
Billboard
Country Music
Kpop
Taylor Swift
Music
Pop Music
The Beatles
Song
Album
Lyrics
Bands
Singers
Artist
Clip
Rock
Rap
Classical
Billboard
Country Music
Kpop
Taylor Swift
Random Quiz
Search Sporcle
×
Quiz Lab
Quiz Lab
Music
Artist
Type in answers that appear in a list
Type in answers that appear in a list
Classic
Best Score? Go Orange.
80s Lyrics - Hits of '85 (Pt 1) Stats
Can you name the 1985 Hit by its Lyrics?
By
AshtonCinder
12m
48 Questions
226 Plays
226 Plays
226 Plays
Comments
Comments
Give Quiz Kudos
Give Quiz Kudos
-
- Ratings
hide this ad
More Info
Random Order
Randomize order of answers
Randomize order of answers
Replay
Link that replays current quiz
Next Quiz
Link to next quiz in quiz playlist
You Got
0%
They Got
Avg Score
56%
Avg Friend Score
Upgrade to see
Score Distribution
Jump to the score distribution portion of the page
Score
0/48
Timer
12:00
0
Plays Today
Artist
Song Title
% Correct
Bryan Adams
Summer Of '69
92%
Madonna
Material Girl
88.1%
Wham!
Careless Whisper
87.6%
Huey Lewis & The News
The Power of Love
85.8%
Wham!
Wake Me Up Before You Go-Go
80.5%
Tears For Fears
Everybody Wants to Rule the World
79.2%
'Til Tuesday
Voices Carry
76.5%
Bruce Springsteen
Born In The U.S.A.
74.8%
Eurythmics
Would I Lie to You?
71.7%
Glenn Frey
The Heat Is On
69.9%
Tears For Fears
Shout
69.5%
REO Speedwagon
Can't Fight This Feeling
69%
Murray Head
One Night In Bangkok
69%
Madonna
Crazy for You
67.3%
Chaka Khan
I Feel For You
66.4%
Animotion
Obsession
66.4%
Commodores
Nightshift
64.6%
Debarge
Rhythm of the Night
62.8%
Paul Young
Everytime You Go Away
61.9%
Phil Collins and Marilyn Martin
Separate Lives
61.1%
Heart
What About Love
61.1%
Billy Ocean
Suddenly
60.2%
Sade
Smooth Operator
59.7%
Honeydrippers
Sea of Love
59.3%
Artist
Song Title
% Correct
Jack Wagner
All I Need
59.3%
Madonna
Dress You Up
59.3%
Kool & The Gang
Fresh
57.5%
Whitney Houston
Saving All My Love For You
57.1%
Kool & The Gang
Cherish
56.2%
Power Station
Some Like It Hot
56.2%
Corey Hart
Never Surrender
51.8%
Survivor
The Search Is Over
50.9%
Wham!
Freedom
46.9%
Tears For Fears
Head over Heels
46.5%
Sheena Easton
Strut
46%
Bryan Adams
Run to You
42.5%
Wham!
Everything She Wants
40.7%
Duran Duran
The Wild Boys
38.9%
Phil Collins
Don't Lose My Number
38.5%
Glenn Frey
You Belong To The City
37.6%
Sheena Easton
Sugar Walls
35.4%
Aretha Franklin
Who's Zoomin' Who
35%
Pointer Sisters
Neutron Dance
34.1%
Debarge
Who's Holding Donna Now
28.3%
Madonna
Angel
27%
Hall & Oates
Method of Modern Love
26.1%
Paul McCartney
No More Lonely Nights
25.2%
Lionel Richie
Penny Lover
23.9%
Quiz Playlist
Details
Report
Send in Message
Add To Playlist
More Info:
All of these songs were drawn from the Top 100 Singles of 1985. "..." Means the song title is adjacent to the lyrics posted.
Classic:
Type in answers that appear in a list
Random Order:
Randomize order of answers
Quiz Source
Last Updated: Sep 16, 2017
Quiz Scoreboard
CHALLENGE
Sign Up to Join the Scoreboard
Show All
Scores
Hide
Comments
May contain spoilers
Recently Published
1-10 Letter E Words III
by El_Dandy
Language
2m
One Thing in Common: World Cities II
by knightlancer
Geography
7m
Popular People in 1961
by mucciniale
History
6m
More to Explore
Quiz From the Vault
Featured Blog Post
Where Did the Easter Bunny Come From?
hide this ad
You Might Also Like...
Tags
Artist Quiz
Lyrics Quiz
Song Quiz
1980s
1985
hit
hot
Today's Top Quizzes in Music
Browse Music
hide this ad
Today's Top Quizzes in Artist
Browse Artist
Top Contributed Quizzes in Music
1
Taylor Swift All Songs (2024)
2
2010s Album by Cover III
3
Taylor Swift Logic Puzzle
4
One Thing in Common: Music
5
Guess the Artist- 70s Songs
6
Guess the Taylor Swift song (Mystery Song)
7
2010s Album by Cover V
8
2010s Album by Cover IV
9
Lana Del Rey Discography (BTD to DYKTTATUOB)
10
KPOP LOGIC QUIZ
Explore More
Trending Topics
Disney
Crossword
NBA
Harry Potter
Anime
Marvel
Kpop
WWE
NFL
The Office
Puzzle
Soccer
Pokémon
Country
Song
hide this ad
More By:
AshtonCinder
Quiz
Plays
Rating
Category
Featured
Created
Over A Year On The Charts-Audio Clips
6,180
4.64
Music
Mar 1, 2011
Movie by Song II (1970 - 2010) - Audio Clips
2,194
4.47
Movies
May 29, 2011
#1 Songs of 1985 - Audio Clips
1,128
4.68
Music
Jan 16, 2011
#1 Songs of 1987 - Audio Clips
924
4.77
Music
Jan 17, 2011
#1 Songs of 1982 - Audio Clips
755
4.88
Music
Jan 16, 2011
Go to Creator's Profile
Score Distribution
Quiz Creator Spotlight
AshtonCinder
Follow
Send a Message
Quizzes Created
-
Created Quiz Play Count
-
More By This Creator
Popular Quizzes Today
1
Find the US States - No Outlines Minefield
2
The Countries of the World
3
Find the Countries of Europe - No Outlines Minefield
4
Popular People in 1961
5
1-10 Letter E Words III
6
Find the US States
7
One Thing in Common: World Cities II
8
US States
More Music Quizzes
Mixed Word: Lady Gaga Songs
Published
Trending Quizzes
Risky Map Clicking: Least Populous States A-Z
1-10 Letter F Words
1-10 Letter G Words
One Thing in Common: United Kingdom
Risky Map Clicking: Next State Alphabetically
Recently Updated
Leaping Animals
pecheneg
Reality TV Shows (A-Z)
bhenderson79
Rickey Henderson's Hall of Fame Teammates
pecheneg
Champions League XIs: Arsenal
pecheneg
Quick Pick: Celebrities in WWE's Hall of Fame
aduchscher
A-Z Keypad Blitz II
pecheneg
Multiple Oscar Actors
pecheneg
Mystery Phrase Blitz: Oscar 'Best Actors'
pecheneg
F. Scott Fitzgerald Novels
LTH
Pick 3 Villains
ddd62291
Trending Topics
NBA
Kpop
Disney
Anime
Crossword
Marvel
Harry Potter
Soccer
Country
The Office
Song
NFL
Pokémon
Puzzle
WWE
Your Account Isn't Verified!
In order to create a playlist on Sporcle, you need to verify the email address you used during registration. Go to your
Sporcle Settings
to finish the process.
Report this User
Report this user for behavior that violates our
Community Guidelines
.
Details:
Send Report
Go to the Sporcle.com Mobile Site →
Comments